[Event "1. Bundesliga 2016/2017"]
[Site "Mattersburg"]
[Date "2016.10.20"]
[Round "1"]
[Board "3"]
[White "Volokitin, Andrei"]
[Black "Beckhuis, Gernod"]
[Result "1-0"]
[WhiteElo "2652"]
[BlackElo "2261"]
[PlyCount "119"]
[EventDate "2016.10.20"]
[EventType "team"]
[EventRounds "11"]
[EventCountry "AUT"]
[WhiteTeam "Schachklub Sparkasse Jenbach"]
[BlackTeam "mpimmo Wien - SK Ottakring"]

1.e4 e5 2.Nf3 Nc6 3.Bb5 Nf6 4.d3 d6 5.O-O Be7 6.c3 O-O 7.Re1 a6 8.Ba4 Re8 9.Nbd2 Bf8
10.Nf1 h6 11.Ng3 b5 12.Bc2 d5 13.exd5 Qxd5 14.d4 Bg4 15.Bb3 Qd6 16.h3 Bd7 17.Nxe5
Nxe5 18.Bf4 Nd3 19.Rxe8 Qxf4 20.Rxa8 Qxf2+ 21.Kh2 Bc6 22.Rxf8+ Kxf8 23.Qe2 Qxe2 24.Nxe2
Nxb2 25.Rf1 a5 26.Rb1 Nd3 27.Kg1 Be4 28.Rf1 Nb2 29.Ng3 Bg6 30.Rf2 Nd3 31.Rd2 Nf4 32.a4
c6 33.Ra2 N6d5 34.axb5 cxb5 35.Bxd5 Nxd5 36.c4 bxc4 37.Rxa5 Nf4 38.Rc5 Bd3 39.Kf2
Ke7 40.Nf5+ Bxf5 41.Rxf5 g5 42.Kf3 Ne6 43.Ke4 c3 44.Rf2 Nf4 45.Rxf4 gxf4 46.Kd3 Ke6
47.Kxc3 Kd5 48.Kd3 h5 49.h4 f5 50.Kc3 Ke4 51.Kc4 Ke3 52.d5 Kf2 53.d6 Kxg2 54.d7 f3
55.d8=Q f2 56.Qg5+ Kh2 57.Qxf5 Kg2 58.Kd3 f1=Q+ 59.Qxf1+ Kxf1 60.Ke3 1-0

[Event "1. Bundesliga 2016/2017"]
[Site "Mattersburg"]
[Date "2016.10.20"]
[Round "1"]
[Board "4"]
[White "Blohberger, Felix"]
[Black "Wagner, Dennis"]
[Result "0-1"]
[WhiteElo "2272"]
[BlackElo "2577"]
[PlyCount "78"]
[EventDate "2016.10.20"]
[EventType "team"]
[EventRounds "11"]
[EventCountry "AUT"]
[WhiteTeam "mpimmo Wien - SK Ottakring"]
[BlackTeam "Schachklub Sparkasse Jenbach"]

1.Nf3 Nf6 2.c4 b6 3.g3 Bb7 4.Bg2 g6 5.O-O Bg7 6.d4 O-O 7.Nc3 Ne4 8.Qc2 Nxc3 9.Qxc3
d6 10.Qc2 c5 11.d5 b5 12.e4 bxc4 13.Nd2 c3 14.bxc3 Ba6 15.Re1 Qa5 16.Bb2 Nd7 17.c4
Bxb2 18.Qxb2 Rab8 19.Qc2 Rb6 20.Reb1 Rfb8 21.Rb3 Rxb3 22.Nxb3 Qa4 23.Rc1 Ne5 24.Bf1
Rb4 25.Nd2 Qa3 26.f4 Qe3+ 27.Kh1 Ng4 28.h3 Nf6 29.Qd3 Qf2 30.Be2 Rb2 31.Rf1 Qd4 32.Nf3
Qxe4 33.Re1 Rxa2 34.Kg1 Qxd3 35.Bxd3 Ra3 36.Be2 Bxc4 37.Bxc4 Rxf3 38.Rxe7 Rxg3+ 39.Kf2
Rc3 0-1

[Event "1. Bundesliga 2016/2017"]
[Site "Mattersburg"]
[Date "2016.10.20"]
[Round "1"]
[Board "5"]
[White "Shengelia, David"]
[Black "Steiner, Adam"]
[Result "1-0"]
[WhiteElo "2570"]
[BlackElo "2220"]
[PlyCount "81"]
[EventDate "2016.10.20"]
[EventType "team"]
[EventRounds "11"]
[EventCountry "AUT"]
[WhiteTeam "Schachklub Sparkasse Jenbach"]
[BlackTeam "mpimmo Wien - SK Ottakring"]

1.d4 Nf6 2.g3 c5 3.dxc5 e6 4.Be3 Ng4 5.Bd4 e5 6.Bc3 Bxc5 7.e3 d6 8.Nd2 f5 9.Nb3 Bb6
10.a4 f4 11.gxf4 Qh4 12.Bb5+ Nd7 13.Qf3 Bxe3 14.Nh3 O-O 15.Qg3 Qxg3 16.hxg3 Bb6 17.a5
Bc7 18.Bc4+ d5 19.Bxd5+ Kh8 20.Ng5 Ndf6 21.Bc4 exf4 22.Nf7+ Rxf7 23.Bxf7 fxg3 24.f3
Nf2 25.Rh6 N2e4 26.fxe4 Nxe4 27.Rh4 g2 28.O-O-O Nxc3 29.bxc3 g5 30.Re4 Bf4+ 31.Kb2
Bg4 32.Rg1 Bf3 33.Ree1 Bh2 34.Rxg2 Bxg2 35.Re2 Bf3 36.Rxh2 g4 37.Nd4 g3 38.Rh3 g2
39.Nxf3 Rf8 40.Bd5 Rxf3 41.Rxf3 1-0

[Event "1. Bundesliga 2016/2017"]
[Site "Mattersburg"]
[Date "2016.10.20"]
[Round "1"]
[Board "6"]
[White "Steindl, Johannes"]
[Black "Boensch, Uwe"]
[Result "1-0"]
[WhiteElo "2155"]
[BlackElo "2558"]
[PlyCount "53"]
[EventDate "2016.10.20"]
[EventType "team"]
[EventRounds "11"]
[EventCountry "AUT"]
[WhiteTeam "mpimmo Wien - SK Ottakring"]
[BlackTeam "Schachklub Sparkasse Jenbach"]

1.e4 c5 2.Nf3 d6 3.d4 cxd4 4.Nxd4 Nf6 5.Nc3 e6 6.g4 h6 7.h4 a6 8.Rg1 g6 9.g5 hxg5
10.Bxg5 Be7 11.Qd2 e5 12.Nb3 Be6 13.O-O-O Nbd7 14.Qe3 Ng4 15.Qe2 Bxg5+ 16.hxg5 Qxg5+
17.Kb1 Qf4 18.Rxd6 Ngf6 19.Na5 Rc8 20.Nxb7 Rxc3 21.bxc3 Nxe4 22.Rxe6+ fxe6 23.Qxe4
Ke7 24.Qxg6 Rf8 25.Rh1 Nf6 26.Bc4 Qxf2 27.Rh7+ 1-0

[Event "1. Bundesliga 2016/2017"]
[Site "Mattersburg"]
[Date "2016.10.20"]
[Round "1"]
[Board "1"]
[White "Repka, Christopher"]
[Black "Gonda, Laszlo"]
[Result "1-0"]
[WhiteElo "2461"]
[BlackElo "2485"]
[PlyCount "69"]
[EventDate "2016.10.20"]
[EventType "team"]
[EventRounds "11"]
[EventCountry "AUT"]
[WhiteTeam "Bregenz"]
[BlackTeam "ASK St. Valentin"]

1.d4 Nf6 2.Bf4 d5 3.e3 c5 4.c3 Nc6 5.Nd2 cxd4 6.exd4 Bf5 7.Qb3 Qc8 8.Ngf3 e6 9.Nh4
Be4 10.f3 Bg6 11.g4 Be7 12.Bg3 Bd8 13.Be2 Bc7 14.f4 Ne4 15.Nxg6 Nxd2 16.Qd1 hxg6 17.Qxd2
Qd7 18.O-O-O O-O-O 19.Bd3 Kb8 20.f5 gxf5 21.gxf5 e5 22.dxe5 Nxe5 23.Bc2 f6 24.Qd4
Ka8 25.Qa4 Qxa4 26.Bxa4 Bb6 27.Rhe1 Ng4 28.Rd3 d4 29.cxd4 Bxd4 30.Re4 Bxb2+ 31.Kxb2
Rxd3 32.Rxg4 Rh7 33.Re4 Rd8 34.Re7 Rh5 35.Bc2 1-0

[Event "1. Bundesliga 2016/2017"]
[Site "Mattersburg"]
[Date "2016.10.20"]
[Round "1"]
[Board "2"]
[White "Flumbort, Andras"]
[Black "Henrichs, Thomas"]
[Result "1/2-1/2"]
[WhiteElo "2451"]
[BlackElo "2505"]
[PlyCount "48"]
[EventDate "2016.10.20"]
[EventType "team"]
[EventRounds "11"]
[EventCountry "AUT"]
[WhiteTeam "ASK St. Valentin"]
[BlackTeam "Bregenz"]

1.Nf3 c5 2.c4 Nf6 3.Nc3 e6 4.g3 b6 5.Bg2 Bb7 6.O-O Be7 7.d4 cxd4 8.Qxd4 d6 9.Rd1 a6
10.Bg5 Nbd7 11.Rac1 O-O 12.b3 Qc7 13.Qe3 Rfe8 14.Nd4 Bxg2 15.Kxg2 Rac8 16.a4 h6 17.Bxf6
Nxf6 18.Qf3 Nd7 19.Kg1 Bf8 20.h4 Ne5 21.Qe3 Ng4 22.Qf3 Ne5 23.Qe3 Ng4 24.Qf3 Ne5 1/2-1/2

[Event "1. Bundesliga 2016/2017"]
[Site "Mattersburg"]
[Date "2016.10.20"]
[Round "1"]
[Board "3"]
[White "Weindl, Alfred"]
[Black "Hajnal, Zoltan"]
[Result "1/2-1/2"]
[WhiteElo "2328"]
[BlackElo "2382"]
[PlyCount "79"]
[EventDate "2016.10.20"]
[EventType "team"]
[EventRounds "11"]
[EventCountry "AUT"]
[WhiteTeam "Bregenz"]
[BlackTeam "ASK St. Valentin"]

1.Nf3 d5 2.g3 Nf6 3.Bg2 c6 4.O-O Bf5 5.c4 e6 6.cxd5 cxd5 7.Qb3 Qc8 8.d3 Nc6 9.Nc3
Be7 10.Bf4 O-O 11.Rac1 Qd7 12.e4 dxe4 13.dxe4 Nxe4 14.Nxe4 Bxe4 15.Ne5 Nxe5 16.Bxe4
Nc6 17.Rfd1 Qc8 18.Qa4 Rd8 19.Rxd8+ Qxd8 20.Bxc6 bxc6 21.Qxc6 a5 22.b3 h6 23.Qb7 Ba3
24.Rc4 Qd1+ 25.Kg2 Rd8 26.Rc8 Rxc8 27.Qxc8+ Kh7 28.Qa8 Bb4 29.Qe4+ Kg8 30.h4 Qa1 31.Qa8+
Kh7 32.Qe4+ Kg8 33.Qc2 Qd4 34.Qc8+ Kh7 35.Qc2+ Kg8 36.Qe2 Qd5+ 37.Qf3 Qd4 38.Qe2 Qd5+
39.Qf3 Qd4 40.Qe2 1/2-1/2

[Event "1. Bundesliga 2016/2017"]
[Site "Mattersburg"]
[Date "2016.10.20"]
[Round "1"]
[Board "4"]
[White "Sandhoefner, Florian"]
[Black "Dobosz, Henryk"]
[Result "0-1"]
[WhiteElo "2257"]
[BlackElo "2379"]
[PlyCount "70"]
[EventDate "2016.10.20"]
[EventType "team"]
[EventRounds "11"]
[EventCountry "AUT"]
[WhiteTeam "ASK St. Valentin"]
[BlackTeam "Bregenz"]

1.d4 d6 2.c4 e5 3.Nc3 exd4 4.Qxd4 Nc6 5.Qd2 Nf6 6.e4 g6 7.b3 Bg7 8.Bb2 a5 9.Bd3 O-O
10.Nge2 Nd7 11.O-O Nc5 12.Bc2 Qh4 13.g3 Qd8 14.f3 Ne5 15.Rab1 c6 16.Kg2 f5 17.f4 Ng4
18.exf5 Bxf5 19.Bxf5 gxf5 20.h3 Nf6 21.Nd4 Qd7 22.Rbe1 Rfe8 23.Qc2 Nfe4 24.Nxe4 fxe4
25.Re3 Nd3 26.Bc3 d5 27.cxd5 Qxd5 28.Ne2 Qc5 29.Qd2 Rad8 30.Bxg7 Nxf4+ 31.Rxf4 Rxd2
32.Rg4 Qxe3 33.Bd4+ Kf7 34.Bxe3 Rxe2+ 35.Bf2 e3 0-1

[Event "1. Bundesliga 2016/2017"]
[Site "Mattersburg"]
[Date "2016.10.20"]
[Round "1"]
[Board "5"]
[White "Repkova, Eva"]
[Black "Heimberger, Reinhard"]
[Result "0-1"]
[WhiteElo "2329"]
[BlackElo "2282"]
[PlyCount "108"]
[EventDate "2016.10.20"]
[EventType "team"]
[EventRounds "11"]
[EventCountry "AUT"]
[WhiteTeam "Bregenz"]
[BlackTeam "ASK St. Valentin"]

1.e4 c5 2.b3 Nc6 3.Bb2 e5 4.Bc4 d6 5.Ne2 Nf6 6.Nbc3 g6 7.O-O Bg7 8.f4 O-O 9.Ng3 Nd4
10.fxe5 dxe5 11.Nd5 Nxd5 12.Bxd5 Qg5 13.Rf2 Bg4 14.Qf1 Nxc2 15.Rxf7 Kh8 16.Rc1 Rxf7
17.Bxf7 Qxd2 18.h3 Nb4 19.Ba1 Rf8 20.Rc3 Qd7 21.hxg4 Rxf7 22.Rf3 Rxf3 23.Qxf3 Kg8
24.Nf1 Nc2 25.Bb2 Nd4 26.Qd3 Bh6 27.Nh2 Bf4 28.Qc4+ Qf7 29.Qxc5 Be3+ 30.Kh1 Qf2 31.Qd5+
Kg7 32.Qd7+ Kh6 33.g5+ Kxg5 34.Qg4+ Kf6 35.Qf3+ Nxf3 36.Ng4+ Kg5 37.Nxf2 Bxf2 38.gxf3
Kf4 39.Kg2 Bd4 40.Bc1+ Be3 41.Bb2 h5 42.Bc3 h4 43.a4 h3+ 44.Kxh3 Kxf3 45.Bxe5 Kxe4
46.Bf6 Kd3 47.Kg4 Kc2 48.b4 Kb3 49.Kf3 Bg1 50.Kg2 Bb6 51.a5 Be3 52.Kf3 Bd2 53.a6 bxa6
54.Bd4 Bxb4 0-1

[Event "1. Bundesliga 2016/2017"]
[Site "Mattersburg"]
[Date "2016.10.20"]
[Round "1"]
[Board "6"]
[White "Tober, Gerhard"]
[Black "Poettinger, Harald"]
[Result "1/2-1/2"]
[WhiteElo "2244"]
[BlackElo "2198"]
[PlyCount "88"]
[EventDate "2016.10.20"]
[EventType "team"]
[EventRounds "11"]
[EventCountry "AUT"]
[WhiteTeam "ASK St. Valentin"]
[BlackTeam "Bregenz"]

1.e4 d6 2.f4 d5 3.exd5 Qxd5 4.d4 Nf6 5.Nf3 Bg4 6.Be2 e6 7.O-O c5 8.Nc3 Qd8 9.Be3 cxd4
10.Bxd4 Nc6 11.Bb5 Be7 12.h3 Bxf3 13.Rxf3 O-O 14.Bf2 Qc7 15.a3 Rfd8 16.Bd3 Rd7 17.Qe1
a6 18.Rd1 Rad8 19.g3 g6 20.Be2 Nd4 21.Bxd4 Rxd4 22.Kh2 h5 23.Rxd4 Rxd4 24.Bd3 h4 25.Ne2
hxg3+ 26.Qxg3 Rd5 27.Kg2 Kg7 28.Qf2 Bc5 29.Qe1 Rd8 30.b4 Ba7 31.Qc3 Qd6 32.Qb2 Qc6
33.Ng3 Bd4 34.Qb1 Nd5 35.Be4 Qc4 36.Bxd5 Rxd5 37.Qb3 Qc6 38.c4 Rd7 39.b5 axb5 40.cxb5
Qc1 41.Ne2 Qe1 42.Qd3 Qa1 43.Rf1 Qa2 44.Rd1 Bb6 1/2-1/2

[Event "1. Bundesliga 2016/2017"]
[Site "Mattersburg"]
[Date "2016.10.21"]
[Round "2"]
[Board "1"]
[White "Bosiocic, Marin"]
[Black "Sandhoefner, Florian"]
[Result "1-0"]
[WhiteElo "2610"]
[BlackElo "2257"]
[PlyCount "167"]
[EventDate "2016.10.20"]
[EventType "team"]
[EventRounds "11"]
[EventCountry "AUT"]
[WhiteTeam "SV Pillenkoenig St. Veit"]
[BlackTeam "ASK St. Valentin"]

1.c4 Nf6 2.Nc3 c6 3.e4 d5 4.cxd5 cxd5 5.exd5 Nxd5 6.Nf3 Nc6 7.Bc4 Nb6 8.Bb3 Bf5 9.d4
e6 10.O-O Be7 11.a4 O-O 12.a5 Nd5 13.Nxd5 exd5 14.Bd2 Bf6 15.Bc3 Re8 16.a6 b6 17.Re1
Qd6 18.Ba4 Bg4 19.Rxe8+ Rxe8 20.Rc1 Bd7 21.Bb5 Nb8 22.Bxd7 Qxd7 23.Qf1 b5 24.Ra1 Re6
25.Ra5 Rb6 26.h3 Nxa6 27.Qa1 Qb7 28.b3 Re6 29.Ne1 Bd8 30.Ra2 Bc7 31.Nd3 Bb8 32.Bd2
h6 33.Bf4 Bxf4 34.Nxf4 Rf6 35.g3 g5 36.Nd3 Re6 37.Ne5 f6 38.Nd3 Qc6 39.Kh2 Kg7 40.Qd1
Re4 41.Qa1 Re6 42.h4 Kg8 43.h5 Kg7 44.Qd1 Re4 45.Qa1 Re6 46.Qb1 Qe8 47.Qd1 Rd6 48.Nc5
Nxc5 49.dxc5 Rd7 50.Rd2 Qe6 51.c6 Qxc6 52.Qb1 f5 53.Qxf5 Rf7 54.Qe5+ Qf6 55.Qxd5 a6
56.b4 Kh7 57.Kg2 Kg7 58.Re2 g4 59.Kg1 Qa1+ 60.Kh2 Qf6 61.Kg1 Qa1+ 62.Kg2 Qf6 63.Qe4
Qf5 64.Qd4+ Kh7 65.Re8 Qf6 66.Qxf6 Rxf6 67.Re7+ Kh8 68.Re4 Rf5 69.Rxg4 Rxh5 70.Rg6
Kh7 71.Rxa6 Rd5 72.Rb6 h5 73.Kh3 Kg7 74.f4 Kh7 75.Kh4 Kg7 76.Re6 Rd4 77.Kxh5 Rxb4
78.Rb6 Kf7 79.f5 Rb1 80.Kg5 b4 81.Rb7+ Ke8 82.g4 b3 83.Kf6 Rg1 84.g5 1-0

[Event "1. Bundesliga 2016/2017"]
[Site "Mattersburg"]
[Date "2016.10.21"]
[Round "2"]
[Board "2"]
[White "Heimberger, Reinhard"]
[Black "Brkic, Ante"]
[Result "1/2-1/2"]
[WhiteElo "2282"]
[BlackElo "2552"]
[PlyCount "61"]
[EventDate "2016.10.20"]
[EventType "team"]
[EventRounds "11"]
[EventCountry "AUT"]
[WhiteTeam "ASK St. Valentin"]
[BlackTeam "SV Pillenkoenig St. Veit"]

1.d4 d5 2.Nf3 Nf6 3.g3 g6 4.Bg2 Bg7 5.O-O c6 6.b3 O-O 7.Bb2 a5 8.c4 Bf5 9.Nc3 Nbd7
10.Nd2 Nb6 11.e4 dxe4 12.Ndxe4 Nxe4 13.Nxe4 a4 14.Nc5 a3 15.Bc3 Nd7 16.Nxd7 Qxd7 17.Qd2
Rfd8 18.d5 Bxc3 19.Qxc3 cxd5 20.Bxd5 e6 21.Bf3 Qe7 22.Rad1 Rxd1 23.Rxd1 Rd8 24.Rxd8+
Qxd8 25.c5 Bb1 26.Qc1 Bxa2 27.Qxa3 Qd3 28.Qxa2 Qxf3 29.b4 Kf8 30.Qd2 Ke8 31.Qd6 1/2-1/2

[Event "1. Bundesliga 2016/2017"]
[Site "Mattersburg"]
[Date "2016.10.21"]
[Round "2"]
[Board "3"]
[White "Antoniewski, Rafal"]
[Black "Kranzl, Peter"]
[Result "1-0"]
[WhiteElo "2535"]
[BlackElo "2187"]
[PlyCount "59"]
[EventDate "2016.10.20"]
[EventType "team"]
[EventRounds "11"]
[EventCountry "AUT"]
[WhiteTeam "SV Pillenkoenig St. Veit"]
[BlackTeam "ASK St. Valentin"]

1.Nf3 Nf6 2.c4 g6 3.Nc3 Bg7 4.e4 d6 5.d4 O-O 6.h3 c6 7.Be3 a6 8.c5 dxc5 9.dxc5 Qxd1+
10.Rxd1 a5 11.Bc4 Na6 12.O-O Nc7 13.Rd3 a4 14.Rfd1 Ne6 15.e5 Ne8 16.Ne4 N8c7 17.g4
h6 18.Kh2 Nb5 19.a3 Nec7 20.Kg3 Rb8 21.Nc3 Nxc3 22.Rxc3 Re8 23.Kg2 Ra8 24.Rcd3 Kf8
25.R1d2 Ra5 26.Rc2 Ne6 27.Ba2 Rd8 28.Bxe6 Rxd3 29.Bxc8 Ra7 30.e6 1-0

[Event "1. Bundesliga 2016/2017"]
[Site "Mattersburg"]
[Date "2016.10.21"]
[Round "2"]
[Board "4"]
[White "Tober, Gerhard"]
[Black "Rogic, Davor"]
[Result "0-1"]
[WhiteElo "2244"]
[BlackElo "2516"]
[PlyCount "74"]
[EventDate "2016.10.20"]
[EventType "team"]
[EventRounds "11"]
[EventCountry "AUT"]
[WhiteTeam "ASK St. Valentin"]
[BlackTeam "SV Pillenkoenig St. Veit"]

1.e4 e5 2.Nf3 Nc6 3.Nc3 Nf6 4.d4 exd4 5.Nxd4 Bb4 6.Nxc6 bxc6 7.Bd3 O-O 8.O-O Re8 9.Qf3
Bd6 10.Bf4 Bxf4 11.Qxf4 d6 12.Rad1 Nd7 13.Be2 Qe7 14.Rfe1 Rb8 15.b3 Nc5 16.h3 a5 17.Bc4
Be6 18.Bf1 f6 19.Re3 Bf7 20.a3 Qf8 21.Qh4 Re7 22.f4 Rbe8 23.Rg3 Kh8 24.Bd3 Bg8 25.f5
Re5 26.Ne2 Nxe4 27.Nf4 Bf7 28.Bxe4 Rxe4 29.Rg4 R4e5 30.Nh5 Bxh5 31.Qxh5 R8e7 32.Rh4
h6 33.Qg6 Qe8 34.Rc4 Re1+ 35.Rxe1 Rxe1+ 36.Kh2 Qe5+ 37.Qg3 Rh1+ 0-1

[Event "1. Bundesliga 2016/2017"]
[Site "Mattersburg"]
[Date "2016.10.21"]
[Round "2"]
[Board "5"]
[White "Koop, Thorben"]
[Black "Herndl, Gerald"]
[Result "1-0"]
[WhiteElo "2398"]
[BlackElo "2108"]
[PlyCount "43"]
[EventDate "2016.10.20"]
[EventType "team"]
[EventRounds "11"]
[EventCountry "AUT"]
[WhiteTeam "SV Pillenkoenig St. Veit"]
[BlackTeam "ASK St. Valentin"]

1.Nf3 Nf6 2.g3 c5 3.Bg2 d5 4.O-O g6 5.c4 Bg7 6.cxd5 Nxd5 7.Nc3 O-O 8.Nxd5 Qxd5 9.d3
Nc6 10.Be3 Bd7 11.Nd4 Qd6 12.Nxc6 Bxc6 13.Bxc6 Qxc6 14.Rc1 Bxb2 15.Rxc5 Qd7 16.Qb3
Bf6 17.Rfc1 b6 18.Rc7 Qd6 19.Qa4 Bb2 20.R1c2 Qa3 21.Qe4 Qxa2 22.Bc1 1-0

[Event "1. Bundesliga 2016/2017"]
[Site "Mattersburg"]
[Date "2016.10.21"]
[Round "2"]
[Board "6"]
[White "Gelbenegger, Patrick"]
[Black "Hoelzl, Franz"]
[Result "0-1"]
[WhiteElo "2055"]
[BlackElo "2321"]
[PlyCount "70"]
[EventDate "2016.10.20"]
[EventType "team"]
[EventRounds "11"]
[EventCountry "AUT"]
[WhiteTeam "ASK St. Valentin"]
[BlackTeam "SV Pillenkoenig St. Veit"]

1.e4 c5 2.Nf3 d6 3.d4 cxd4 4.Nxd4 Nf6 5.Nc3 a6 6.Be2 Nbd7 7.Be3 e6 8.O-O b5 9.a4 b4
10.Nc6 Qc7 11.Nxb4 d5 12.Nxa6 Bxa6 13.Bxa6 Rxa6 14.exd5 Bd6 15.h3 O-O 16.dxe6 fxe6
17.Nb5 Qb8 18.c3 Nd5 19.Bd2 Bh2+ 20.Kh1 Bf4 21.c4 N5f6 22.Bxf4 Qxf4 23.Qe2 e5 24.Nc3
Rc6 25.b3 Rb8 26.Rfb1 Rd6 27.Ra2 e4 28.b4 Ne5 29.c5 Rd3 30.Nd1 Rxh3+ 31.gxh3 Nf3 32.Qc4+
Kh8 33.Kg2 Qh2+ 34.Kf1 Qg1+ 35.Ke2 Qe1# 0-1

[Event "1. Bundesliga 2016/2017"]
[Site "Mattersburg"]
[Date "2016.10.21"]
[Round "2"]
[Board "1"]
[White "Prohaszka, Peter"]
[Black "Repka, Christopher"]
[Result "1-0"]
[WhiteElo "2592"]
[BlackElo "2461"]
[PlyCount "45"]
[EventDate "2016.10.20"]
[EventType "team"]
[EventRounds "11"]
[EventCountry "AUT"]
[WhiteTeam "mpimmo Wien - SK Ottakring"]
[BlackTeam "Bregenz"]

1.d4 Nf6 2.Nf3 e6 3.Bf4 d5 4.e3 Bd6 5.Bg3 O-O 6.Nbd2 c5 7.c3 Nc6 8.Bd3 b6 9.Qe2 Re8
10.Ne5 Bb7 11.f4 Nd7 12.Bxh7+ Kxh7 13.Qh5+ Kg8 14.Qxf7+ Kh7 15.Nxd7 Be7 16.Nf6+ Bxf6
17.Qxb7 Ne7 18.Qa6 Nf5 19.Qd3 Rh8 20.Bf2 Kg8 21.O-O-O c4 22.Qe2 b5 23.e4 1-0

[Event "1. Bundesliga 2016/2017"]
[Site "Mattersburg"]
[Date "2016.10.21"]
[Round "2"]
[Board "2"]
[White "Henrichs, Thomas"]
[Black "Banusz, Tamas"]
[Result "1/2-1/2"]
[WhiteElo "2505"]
[BlackElo "2613"]
[PlyCount "64"]
[EventDate "2016.10.20"]
[EventType "team"]
[EventRounds "11"]
[EventCountry "AUT"]
[WhiteTeam "Bregenz"]
[BlackTeam "mpimmo Wien - SK Ottakring"]

1.d4 c6 2.c4 d5 3.cxd5 cxd5 4.Bf4 Nf6 5.e3 Nc6 6.Nc3 Bf5 7.Qb3 Qb6 8.Qxb6 axb6 9.Bb5
e6 10.f3 Bb4 11.Nge2 Ke7 12.Kf2 Rhc8 13.g4 Bg6 14.Rhc1 Na7 15.Ba4 Bd3 16.a3 Bd6 17.Bxd6+
Kxd6 18.Nf4 Ba6 19.g5 Ne8 20.e4 Nc7 21.Bb3 Nab5 22.exd5 Nxc3 23.Rxc3 Nxd5 24.Nxd5
exd5 25.Rxc8 Rxc8 26.Re1 Bb5 27.Re5 Bc4 28.Bc2 Bb5 29.Bb3 Bc4 30.Ba4 Ba6 31.Bb3 Bc4
32.Bc2 Bb5 1/2-1/2

[Event "1. Bundesliga 2016/2017"]
[Site "Mattersburg"]
[Date "2016.10.21"]
[Round "2"]
[Board "3"]
[White "Papp, Gabor"]
[Black "Weindl, Alfred"]
[Result "1-0"]
[WhiteElo "2581"]
[BlackElo "2328"]
[PlyCount "85"]
[EventDate "2016.10.20"]
[EventType "team"]
[EventRounds "11"]
[EventCountry "AUT"]
[WhiteTeam "mpimmo Wien - SK Ottakring"]
[BlackTeam "Bregenz"]

1.e4 c5 2.Nf3 Nc6 3.d4 cxd4 4.Nxd4 Nf6 5.Nc3 d6 6.Bg5 e6 7.Qd2 a6 8.O-O-O Bd7 9.f4
b5 10.Bxf6 gxf6 11.Kb1 Qb6 12.Nxc6 Bxc6 13.Bd3 h5 14.Qe1 Be7 15.f5 b4 16.Ne2 e5 17.Ng3
Qc5 18.Qe2 h4 19.Nh5 Kd7 20.g4 Rhc8 21.Rhf1 a5 22.Bc4 a4 23.Bxf7 Bb5 24.Be6+ Kd8 25.Qd2
Bxf1 26.Bxc8 Rxc8 27.Rxf1 Qc4 28.Re1 Kd7 29.Qd1 a3 30.Qd3 axb2 31.Kxb2 Qc3+ 32.Qxc3
Rxc3 33.a4 Kc6 34.a5 Kb5 35.Ra1 Ka6 36.g5 fxg5 37.f6 Bf8 38.Rg1 Bh6 39.Ng7 d5 40.Nf5
Bf8 41.exd5 Rf3 42.Rxg5 Kxa5 43.f7 1-0

[Event "1. Bundesliga 2016/2017"]
[Site "Mattersburg"]
[Date "2016.10.21"]
[Round "2"]
[Board "4"]
[White "Dobosz, Henryk"]
[Black "Dragnev, Valentin"]
[Result "0-1"]
[WhiteElo "2379"]
[BlackElo "2515"]
[PlyCount "78"]
[EventDate "2016.10.20"]
[EventType "team"]
[EventRounds "11"]
[EventCountry "AUT"]
[WhiteTeam "Bregenz"]
[BlackTeam "mpimmo Wien - SK Ottakring"]

1.d4 Nf6 2.Nf3 c5 3.c3 d5 4.Bf4 Nc6 5.e3 Qb6 6.Qb3 c4 7.Qc2 Bf5 8.Qc1 e6 9.h3 Be7
10.Nbd2 Rc8 11.Be2 O-O 12.O-O Qd8 13.Ne5 b5 14.a3 h6 15.Re1 Nxe5 16.Bxe5 Bd6 17.Bxd6
Qxd6 18.Bf3 Ne4 19.Bxe4 dxe4 20.Qc2 Qc6 21.f3 exf3 22.e4 f2+ 23.Kxf2 Bh7 24.Qd1 e5
25.Nf3 exd4 26.Nxd4 Qc5 27.Re3 a5 28.Qf3 Rfe8 29.Rae1 Re5 30.g4 Rce8 31.Kg2 Qb6 32.Kf2
Qc7 33.Kg2 Bg6 34.Nf5 Qc5 35.Nd4 Rd8 36.Nf5 Bxf5 37.exf5 Rd2+ 38.Kg3 Rxe3 39.Qxe3
Rd3 0-1

[Event "1. Bundesliga 2016/2017"]
[Site "Mattersburg"]
[Date "2016.10.21"]
[Round "2"]
[Board "5"]
[White "Schneider-Zinner, Harald"]
[Black "Repkova, Eva"]
[Result "0-1"]
[WhiteElo "2392"]
[BlackElo "2329"]
[PlyCount "106"]
[EventDate "2016.10.20"]
[EventType "team"]
[EventRounds "11"]
[EventCountry "AUT"]
[WhiteTeam "mpimmo Wien - SK Ottakring"]
[BlackTeam "Bregenz"]

1.d4 Nf6 2.c4 b6 3.Nf3 Bb7 4.g3 g6 5.Bg2 Bg7 6.O-O O-O 7.d5 d6 8.Nc3 e5 9.e4 a5 10.Bg5
h6 11.Bd2 Na6 12.b3 Nc5 13.Qc2 Bc8 14.a3 a4 15.b4 Nb3 16.Rab1 Bd7 17.h3 Nh5 18.Rxb3
axb3 19.Qxb3 f5 20.c5 bxc5 21.bxc5 Qb8 22.Qa2 Qa7 23.c6 fxe4 24.Nh4 Be8 25.Be3 Qa5
26.Nxe4 Qxa3 27.Qd2 Kh7 28.Rb1 Bf7 29.Rb7 Rfc8 30.Bf3 Nf6 31.Nxf6+ Bxf6 32.Bg4 Qa1+
33.Kh2 Ra5 34.Bxc8 Bxd5 35.Rxc7+ Bg7 36.Qc1 Qxc1 37.Bxc1 Ra1 38.Bg4 Rxc1 39.Bf3 e4
40.Bg2 Rxc6 41.Re7 Rc4 42.Rd7 Bg8 43.Rxd6 e3 44.Nf3 e2 45.Rd3 Rc3 46.Rd2 Bc4 47.Ne1
Rc1 48.Nf3 Rd1 49.Rc2 Bd3 50.Ra2 Bd4 51.Nxd4 e1=Q 52.Ra7+ Kh8 53.Ra8+ Kg7 0-1

[Event "1. Bundesliga 2016/2017"]
[Site "Mattersburg"]
[Date "2016.10.21"]
[Round "2"]
[Board "6"]
[White "Poettinger, Harald"]
[Black "Steiner, Adam"]
[Result "0-1"]
[WhiteElo "2198"]
[BlackElo "2220"]
[PlyCount "60"]
[EventDate "2016.10.20"]
[EventType "team"]
[EventRounds "11"]
[EventCountry "AUT"]
[WhiteTeam "Bregenz"]
[BlackTeam "mpimmo Wien - SK Ottakring"]

1.c4 e5 2.g3 Nf6 3.Bg2 d5 4.cxd5 Nxd5 5.Nf3 Nc6 6.O-O Be7 7.d4 exd4 8.Nxd4 Ndb4 9.Nxc6
Qxd1 10.Rxd1 Nxc6 11.Bxc6+ bxc6 12.Bd2 h5 13.Bc3 f6 14.Nd2 h4 15.Nc4 hxg3 16.hxg3
Ba6 17.b3 Rh5 18.Bd4 O-O-O 19.Be3 Rhd5 20.Rdc1 g5 21.g4 f5 22.gxf5 Rxf5 23.Rc2 g4
24.Kg2 Bb7 25.Rd2 c5+ 26.Kg3 Rh8 27.Bf4 Be4 28.f3 Bh4+ 29.Kxg4 Rg8+ 30.Kh3 Be1 0-1

[Event "1. Bundesliga 2016/2017"]
[Site "Mattersburg"]
[Date "2016.10.21"]
[Round "2"]
[Board "1"]
[White "Georgiadis, Nico"]
[Black "Nisipeanu, Liviu-Dieter"]
[Result "1-0"]
[WhiteElo "2478"]
[BlackElo "2684"]
[PlyCount "109"]
[EventDate "2016.10.20"]
[EventType "team"]
[EventRounds "11"]
[EventCountry "AUT"]
[WhiteTeam "Schachclub Sparkasse Goetzis"]
[BlackTeam "Schachklub Sparkasse Jenbach"]

1.d4 Nf6 2.c4 e6 3.g3 d5 4.Bg2 Bb4+ 5.Bd2 Be7 6.Nf3 O-O 7.O-O c6 8.Qc2 Ne4 9.Be3 Nd7
10.Rd1 Nd6 11.b3 b6 12.Nc3 Bb7 13.Ne5 f6 14.Nd3 Qe8 15.Bc1 f5 16.a4 a5 17.Ba3 Ne4
18.Bxe7 Qxe7 19.Rac1 Rad8 20.e3 g5 21.Ne2 c5 22.dxc5 bxc5 23.cxd5 exd5 24.Nc3 Rc8
25.Nb5 Ndf6 26.f3 c4 27.bxc4 dxc4 28.Ne1 Nc5 29.Qxc4+ Kh8 30.Nc2 Ba6 31.Re1 Nce4 32.Qd3
Rc3 33.Qd4 Rd8 34.Nxc3 Rxd4 35.exd4 Qc7 36.Nxe4 fxe4 37.fxe4 Qc3 38.e5 Ng8 39.d5 Bd3
40.Ne3 Qxe5 41.Rcd1 Qc3 42.d6 Nf6 43.Bh3 g4 44.Bxg4 Nxg4 45.Nxg4 Bf5 46.Nf2 Bd7 47.Re7
Qc6 48.Ne4 Qb6+ 49.Kg2 Qc6 50.Rf1 Qc8 51.Rff7 Qc2+ 52.Rf2 Qc8 53.Rff7 Qc2+ 54.Rf2
Qc8 55.h4 1-0

[Event "1. Bundesliga 2016/2017"]
[Site "Mattersburg"]
[Date "2016.10.21"]
[Round "2"]
[Board "2"]
[White "Shirov, Alexei"]
[Black "Krassowizkij, Jaroslaw"]
[Result "1/2-1/2"]
[WhiteElo "2693"]
[BlackElo "2453"]
[PlyCount "90"]
[EventDate "2016.10.20"]
[EventType "team"]
[EventRounds "11"]
[EventCountry "AUT"]
[WhiteTeam "Schachklub Sparkasse Jenbach"]
[BlackTeam "Schachclub Sparkasse Goetzis"]

1.e4 e6 2.d4 d5 3.Nc3 Nf6 4.e5 Nfd7 5.f4 c5 6.Nf3 Nc6 7.Be3 Qb6 8.Na4 Qc7 9.dxc5 Qa5+
10.Nc3 Bxc5 11.Bd2 Qd8 12.Bd3 Nb4 13.Be2 O-O 14.Na4 Be7 15.Be3 a6 16.Nd4 Nc6 17.Nxc6
bxc6 18.c4 Qa5+ 19.Bd2 Bb4 20.Nc3 Qb6 21.a3 Bc5 22.b4 Bf2+ 23.Kf1 Qa7 24.Rc1 Bd4 25.Na4
f6 26.cxd5 cxd5 27.Bg4 f5 28.Be2 Bb7 29.Rc7 Rf7 30.Qc1 Raf8 31.h4 Nb6 32.Nxb6 Qxb6
33.Rc2 Rd7 34.Rh3 Rdd8 35.a4 Rc8 36.b5 axb5 37.Bxb5 Rxc2 38.Qxc2 Rc8 39.Qd3 Bc6 40.Ke2
Bg1 41.Rf3 d4 42.Bxc6 Qxc6 43.Qb3 Be3 44.Bxe3 dxe3 45.Qxe3 Qxa4 1/2-1/2